00203nam a2200073Ia 4500008004100000082000800041100002000049245006000069240331s9999 xx 000 0 und d bPAL aPalanithurai, G 0aDynamics of Tamil Nadu politics in Sri Lankan ethnicity